Top 10 Australian cities by population - Statistics

General Stats
  • This quiz has been taken 354 times
  • The average score is 7 of 10
Answer Stats
Hint Answer % Correct
5,005,358 Sydney
99%
4,641,636 Melbourne
98%
2,066,564 Perth
97%
2,349,699 Brisbane
91%
1,326,354 Adelaide
89%
429,023 Canberra-Queanbeyan
83%
638,090 Gold Coast-Tweed Heads
66%
438,775 Newcastle-Maitland
48%
295,842 Wollongong
28%
307,501 Sunshine Coast
27%
No matching quizzes found
Score Distribution
Percent of People with Each Score
Percentile by Number Answered
Your Score History
You have not taken this quiz